000
00243nam a22001097a 4500
082
_a
ROB
100
_a
Robert Burke
245
_a
Hazardous materials chemistry for emergency responders
260
_a
London
_c
2012
300
_a
368
942
_c
BK
999
_c
55089
_d
55086